[Event "Juiz de Fora op"]
[Site "Juiz de Fora"]
[Date "2016.11.06"]
[Round "6"]
[White "De Oliveira, Antonio Mauricio"]
[Black "Ribeiro, Marcelo Mendes Pint"]
[Result "0-1"]
[WhiteElo "1800"]
[BlackElo "2202"]
[PlyCount "100"]
[EventDate "2016.11.04"]
[EventType "swiss"]
[EventRounds "6"]
[EventCountry "BRA"]
[SourceTitle "CBM 175 Extra"]
[Source "ChessBase"]
[SourceDate "2016.12.12"]
[SourceVersion "1"]
[SourceVersionDate "2016.12.12"]
[SourceQuality "1"]

1. f3 Nf6 2. Nh3 g6 3. e3 Bg7 4. Nc3 c6 5. Nf4 e5 6. Nd3 d6 7. e4 0-0 8. Qe2 Be6 9. b3 Qc7 10. Ba3 Re8 11. g4 d5 12. Nc5 dxe4 13. fxe4 Bxg4 14. Qe3 Nbd7 15. Nd3 Bf8 16. b4 a5 17. h3 Bh5 18. Bg2 axb4 19. Bxb4 Bxb4 20. Nxb4 Qb6 21. Qxb6 Nxb6 22. 0-0 Kg7 23. d3 Nfd7 24. a4 Ra5 25. Bf3 Bxf3 26. Rxf3 Nc5 27. Rg3 Ncxa4 28. Ne2 Raa8 29. h4 h5 30. Rg5 f6 31. Rg2 Nc5 32. Ra2 Rxa2 33. Nxa2 Ne6 34. Ng3 Kh6 35. Rf2 Nf4 36. Kh2 Rd8 37. Nc1 c5 38. Nge2 Nxe2 39. Nxe2 Rf8 40. c4 f5 41. exf5 Rxf5 42. Rxf5 gxf5 43. Ng3 Kg6 44. Kg2 Na4 45. Kf2 Nb2 46. Ke2 f4 47. Nf1 Kf5 48. Kd2 Na4 49. Kc2 e4 50. dxe4+ Kxe4 0-1